| 000 | 01182nac a22002531u 4500 | ||
|---|---|---|---|
| 008 | 100603s1986 pau|||||r|||| 101 0 eng d | ||
| 010 | _a 86010953 | ||
| 020 | _a0803104693 | ||
| 082 | 0 | 0 |
_a697.9 _222 _bAIR |
| 245 | 0 | 0 |
_aMeasured Air Leakage of Buildings : _bA symposium / _csponsored by ASTM Committee E-6 on Performance of Building Constructions, Philadelphia, PA, 2-3 April 1984 ; Heinz R. Trechsel and Peter L. Lagus, editors. |
| 260 |
_aPhiladelphia, PA : _bASTM,1986 _c1986. |
||
| 300 |
_a438 p. : _bill. ; _c24 cm. |
||
| 440 | 0 | _914585 | |
| 490 |
_aASTM special technical publication ; _v904 _914590 |
||
| 500 | _a"ASTM publication code number (PCN) 04-904000-10." | ||
| 504 | _aIncludes bibliographies and index. | ||
| 511 | _acatalogued by: wessam | ||
| 650 | 0 |
_aBuildings _xAirtightness _xMeasurement _xCongresses. _914586 |
|
| 700 | 1 |
_aTrechsel, Heinz R. _914587 |
|
| 700 | 1 |
_aLagus, Peter L. _914588 |
|
| 710 | 2 |
_aASTM Committee E-6 on Performance of Building Constructions. _914589 |
|
| 942 |
_cBB _k697.9 AIR _2ddc |
||
| 999 |
_c7555 _d7555 |
||